The role of transvaporisation and alteration in the genesis of neogene intrusive hyaloclastites of Hungary

Elmentve itt :
Bibliográfiai részletek
Szerzők: Csámer Árpád
Kozák M.
Kovács-Pálffy Péter
Daróczi L.
Dokumentumtípus: Cikk
Megjelent: Department of Mineralogy, Geochemistry and Petrology, University of Szeged Szeged 2004
Sorozat:Acta mineralogica-petrographica 4
Acta mineralogica-petrographica : abstract series 4
Kulcsszavak:Földtan - előadáskivonat, Kőzettan - előadáskivonat, Ásványtan - előadáskivonat
Tárgyszavak:
Online Access:http://acta.bibl.u-szeged.hu/31568
LEADER 01111nab a2200253 i 4500
001 acta31568
005 20260212144121.0
008 161017s2004 hu o 000 eng d
022 |a 0324-6523, 1589-4835 
040 |a SZTE Egyetemi Kiadványok Repozitórium  |b hun 
041 |a eng 
100 1 |a Csámer Árpád 
245 1 4 |a The role of transvaporisation and alteration in the genesis of neogene intrusive hyaloclastites of Hungary  |h [elektronikus dokumentum] /  |c  Csámer Árpád 
260 |a Department of Mineralogy, Geochemistry and Petrology, University of Szeged  |b Szeged  |c 2004 
300 |a 22 
490 0 |a Acta mineralogica-petrographica  |v 4 
490 0 |a Acta mineralogica-petrographica : abstract series  |v 4 
650 4 |a Természettudományok 
650 4 |a Föld- és kapcsolódó környezettudományok 
695 |a Földtan - előadáskivonat, Kőzettan - előadáskivonat, Ásványtan - előadáskivonat 
700 0 1 |a Kozák M.  |e aut 
700 0 2 |a Kovács-Pálffy Péter  |e aut 
700 0 2 |a Daróczi L.  |e aut 
856 4 0 |u http://acta.bibl.u-szeged.hu/31568/1/mineralogica_as_004_022.pdf  |z Dokumentum-elérés